[Event "Mermaid Beach Club"]
[Site "Bermuda"]
[Date "1999.01.22"]
[Round "2"]
[White "Teplitsky, Yan"]
[Black "Arizmendi Martinez, Julen Luis"]
[Result "1-0"]
[WhiteElo "2453"]
[BlackElo "2472"]
[Annotator "Hecht,H"]
[PlyCount "81"]
[EventDate "1999.01.21"]
[EventType "tourn"]
[EventRounds "13"]
[EventCountry "BER"]
[EventCategory "9"]
[SourceTitle "CBM 069"]
[Source "ChessBase"]
[SourceDate "1999.04.01"]
[SourceVersion "1"]
[SourceVersionDate "1999.04.01"]
[SourceQuality "1"]

1. Nf3 d5 2. c4 e6 3. g3 Nf6 4. Bg2 c5 5. cxd5 exd5 6. d4 Be7 7. O-O O-O 8. Nc3
Nc6 9. b3 Ne4 10. Bb2 Bf6 11. Na4 b6 12. Rc1 Re8 13. Ba1 Ba6 14. Re1 c4 15.
bxc4 Bxc4 16. Nb2 b5 17. Nxc4 bxc4 18. Nd2 Nxd2 19. Qxd2 Qd6 20. Bc3 Rab8 21.
Rb1 a6 22. e3 Rb5 23. a4 Rbb8 24. Qc2 g6 25. Rxb8 Rxb8 26. Rb1 Nb4 27. Bxb4
Rxb4 28. Rxb4 Qxb4 29. Bxd5 c3 30. Bb3 Kg7 31. Kf1 Bd8 32. Ke2 Ba5 33. Kd3 Qa3
34. Ba2 Qb2 35. Qxb2 cxb2 {[#] Angesichts der vielen Bauern und der guten
weißen Bauernstruktur, ist der Gewinn für Weiß kinderleicht. Er bildet
verbundene Freibauern in der Mitte und erobert irgendwann den schwarzen Läufer.
Der schwarze Freibauer spielt fast keine Rolle; er beschränkt lediglich ein
wenig die Beweglichkeit des weißen Läufers.} 36. e4 Kf8 37. e5 f6 38. f4 Bc7
39. Ke4 Ke7 40. d5 fxe5 41. fxe5 (41. fxe5 Ba5 42. d6+ Kd7 43. Kd5 Bc3 44. e6+
Kd8 45. Kc6 Ba5 46. e7+ Ke8 47. Bb1 Bc3 48. h4 Be1 49. h5 gxh5 50. Bxh7 $18 {
[%cal Rh7g6]}) 1-0

[Event "Itau Mercosul Cup 3rd"]
[Site "Sao Paulo"]
[Date "1999.??.??"]
[Round "8"]
[White "Disconzi da Silva, Rodrigo"]
[Black "Rocha, Wellington Carlos"]
[Result "1/2-1/2"]
[WhiteElo "2336"]
[BlackElo "2361"]
[Annotator "Hindemburg,Melao"]
[PlyCount "41"]
[EventDate "1999.10.??"]
[EventType "swiss"]
[EventRounds "9"]
[EventCountry "BRA"]
[SourceTitle "EXT 2000"]
[Source "ChessBase"]
[SourceDate "1999.11.16"]
[SourceVersion "1"]
[SourceVersionDate "1999.11.16"]
[SourceQuality "1"]

1. Nf3 Nf6 2. c4 c5 3. Nc3 e6 4. g3 Nc6 5. Bg2 d5 6. cxd5 exd5 7. d4 Be7 8. O-O
O-O 9. b3 Bg4 10. dxc5 Bxc5 11. Bb2 {>< d4, /^ a1-h8} Rc8 (11... a6 12. Ne1 Re8
13. h3 Bf5 14. Nd3 Ba7 15. Rc1 d4 16. Na4 Be4 17. Nac5 Bxg2 18. Kxg2 Qd5+ 19.
Kh2 Ne4 20. Nxe4 Rxe4 21. Rc2 Rae8 22. Bc1 f6 23. f3 R4e7 24. Ba3 Rf7 25. Nb4
Nxb4 26. Bxb4 Qb5 27. Ba3 h5 28. Qd3 Qxd3 29. exd3 Re3 30. Rd2 Rc7 31. Kg2 Kf7
32. Rc1 Rc3 33. Rcd1 Ke6 34. Bb2 Rc6 35. Rc1 Kd5 36. Rxc6 bxc6 37. Kf2 Bc5 38.
Rd1 Bb4 39. a3 Bd6 40. Bc1 Re7 41. Bd2 Rb7 42. b4 a5 43. bxa5 Rb2 44. f4 Ra2
45. Ke2 h4 46. gxh4 Bxf4 47. a6 Bxd2 48. Rxd2 Rxa3 49. Rb2 Rxa6 50. Rb7 Ra2+
51. Kf3 Rd2 52. Rxg7 Rxd3+ 53. Kg4 f5+ 54. Kxf5 Rxh3 55. Rd7+ Kc4 56. Kg5 c5
57. h5 d3 {0-1 Flohr,S-Spassky,B/Moscow 1961/MCD (57)}) 12. Na4 (12. h3 Be6 13.
e3 Qe7 14. Ne2 Rfd8 15. Nfd4 Ba3 16. Bxa3 Qxa3 17. Qc1 Qxc1 18. Raxc1 Nxd4 19.
Nxd4 Kf8 20. g4 h6 21. f4 Ke7 22. Kf2 g5 23. Ke2 Bd7 24. Kd2 a6 25. Rce1 Ne4+
26. Bxe4 dxe4 27. Rc1 Bb5 28. Rxc8 Rxc8 29. Nxb5 axb5 30. fxg5 hxg5 31. Rf5 Ra8
32. Rxg5 Rxa2+ 33. Kc3 b4+ 34. Kxb4 Kd6 35. Kc3 Rh2 36. Rh5 Re2 37. Kd4 Rb2 38.
Rh6+ Kd7 39. Rb6 Kc7 40. Rf6 Rxb3 41. Rxf7+ Kd6 42. Kxe4 Rb1 43. g5 Ke6 44. g6
b5 45. Rf4 Rg1 46. Rg4 {1-0 Uhlmann,W-Espig,L/Halle 1981/MCL (46)}) (12. Nb5 {
>< d4} Re8 13. Nbd4 Ne4 14. h3 Bxf3 15. Bxf3 Qf6 $1 16. e3 Bxd4 17. Bxd4 Nxd4
18. exd4 $15) 12... Be7 13. Rc1 Re8 14. Qd3 (14. h3 Bh5 15. Nc5 Ne4 16. Nd3 f6
17. Nf4 Bf7 18. e3 Qa5 19. a3 Rcd8 20. b4 Qb6 21. Nd4 Nxd4 22. Bxd4 Qa6 23. Bb2
Qb6 24. Qe2 a5 25. Bd4 Qd6 26. bxa5 Qxa3 27. Ra1 Qd6 28. Rfb1 Qd7 29. Qb2 Nc5
30. Bxc5 Bxc5 31. Qxb7 Qd6 32. Qb5 d4 33. Rc1 Ba7 34. Rd1 Qe5 35. Qa6 Qe7 36.
exd4 Bxd4 37. Rab1 Bxf2+ 38. Kh1 Bxg3 39. Nd5 Qe5 40. Qc6 Rd6 41. Qb7 Red8 42.
a6 Rxd5 {0-1 Gauglitz,G-Espig,L/Zittau 1989/CBM 12 (42)}) 14... Qd7 15. Nd4
Nxd4 16. Bxd4 Rxc1 17. Rxc1 Ba3 18. Re1 Bf5 19. Qd1 Bb4 20. Rf1 b6 21. Nc3
1/2-1/2

[Event "ESP-ch"]
[Site "Linares"]
[Date "1998.08.16"]
[Round "5"]
[White "Illescas Cordoba, Miguel"]
[Black "Martin Gonzalez, Angel"]
[Result "1-0"]
[WhiteElo "2605"]
[BlackElo "2425"]
[Annotator "Illescas Cordoba,M"]
[PlyCount "77"]
[EventDate "1998.08.??"]
[EventType "swiss"]
[EventRounds "9"]
[EventCountry "ESP"]
[SourceTitle "EXT 1999"]
[Source "ChessBase"]
[SourceDate "1998.11.16"]
[SourceVersion "1"]
[SourceVersionDate "1998.11.16"]
[SourceQuality "1"]

{[%mdl 4140]} 1. d4 d5 2. Nf3 c5 3. c4 e6 4. cxd5 exd5 5. g3 Nc6 6. Bg2 Nf6 7.
O-O Be7 8. Nc3 O-O 9. Bg5 cxd4 10. Nxd4 h6 11. Bf4 Bg4 12. h3 Be6 13. Rc1 $5 (
13. Nxe6 fxe6 14. e4 d4 15. e5 dxc3 16. exf6 Qxd1 17. Rfxd1 Bxf6 18. bxc3 Rfd8
19. Rac1 Rxd1+ 20. Rxd1 Rd8 21. Rxd8+ Nxd8 22. c4 Bd4 23. Kf1 Kf7 24. Ke2 Nc6
25. Bxc6 bxc6 26. Be3 Bxe3 27. Kxe3 e5 28. Ke4 Ke6 $11 {San Segundo,P-Illescas,
M Villarrobledo 1998}) 13... Qd7 14. Nxe6 fxe6 15. e4 d4 {[%cal Ye6e5]} 16. e5
{[%cal Gg2a8]} dxc3 17. exf6 Qxd1 18. Rfxd1 Bxf6 19. bxc3 {[%csl Gf4,Gg2]} Rfd8
(19... Rad8 20. Re1 Rfe8 21. Be4 Kf7 22. Kg2 Rd7 23. h4 Rc8 24. Bf3 Nd8 25. c4
b6 {Christiansen,L-Piket,J/Cannes 1992}) 20. Re1 $1 $146 (20. Be3 Rxd1+ 21.
Rxd1 $11 {Hecht,H-Marian,R/BL8384 1984}) 20... g5 $1 (20... Kf7 21. Re4 $14 {
[%csl Ga4,Gc4,Ge4][%cal Ye4a4]}) 21. Be3 (21. Bc7 Rd7 22. Rxe6 Kf7 23. Rxc6 (
23. Bxc6 $2 bxc6 24. Rxc6 Rc8) 23... bxc6 24. Bxc6 Rxc7 25. Bxa8 Rxc3 $132) (
21. Bxc6 bxc6 $11 (21... gxf4 22. Bxb7 Rab8 $132)) (21. Rxe6 $6 Kf7 22. Rxf6+
Kxf6 23. Be3 Rd6 $15) 21... Rd7 (21... Rac8 $5) 22. Bc5 $1 Kf7 23. Re4 $1 {<->4
} Ne5 $2 (23... Rc8 24. Bf3 b6 25. Be3 Ne5 $1 26. Bh5+ Kg7 $11 27. Bd4 $140
Rxd4 28. Rxd4 Nf3+ 29. Bxf3 Bxd4) 24. Bd4 Nc6 (24... Nd3 25. Rb1 $14 Rad8 $140
$2 26. Bf1 Bxd4 27. cxd4 $18) 25. Be3 Rc8 26. Bf3 Nd8 $2 (26... Rd6 27. Bh5+
Kg7 $14) 27. Bh5+ Kg7 (27... Ke7 28. c4 b6 29. Bg4 $16) 28. c4 b6 29. Kg2 (29.
c5 $6 Rdc7) 29... Rd6 (29... Rdc7 $142 30. Be2 {/\Rd1}) 30. c5 $1 $16 bxc5 $138
(30... Rdc6 31. cxb6 $1 (31. Ra4 a5 32. Rd1 bxc5 33. Rd7+ Kg8 34. Rxa5 c4 35.
Raa7 c3 $132 36. Bf3 Rc4 37. Be2 Rb4) 31... Rxc1 32. Bxc1 axb6 (32... Rxc1 33.
bxa7 Rc8 34. Ra4 $18) 33. Be3 $16 Ra8 $2 34. a4) 31. Ra4 $1 (31. Rxc5 $143 Rxc5
32. Bxc5 Rd5 $14) 31... a5 (31... Rd7 $143 32. Rxc5 Rxc5 33. Bxc5 Nc6 34. Be8
$18) 32. Bf3 (32. Rxa5 $143 c4 33. Ra7+ Kg8 34. Bg6 c3) 32... Rd7 (32... c4 33.
Raxc4 Rxc4 34. Rxc4 Nf7 35. Rc7 $16) 33. Rxc5 Rxc5 34. Bxc5 Bc3 35. Rc4 $1 Bd2
36. Bd4+ Kf7 (36... Kg6 $142 $16) 37. Bh5+ Ke7 (37... Kf8 38. Bf6 $16) 38. Bg7
Nf7 39. Rc8 $138 (39. Rc8 Nd6 (39... Be1 40. Rf8 Nd6 41. Bxh6 $18) 40. Rh8 Nf5
41. Be5 $16) 1-0

[Event "Match/Team URS-World 20,5-19,5"]
[Site "Belgrade"]
[Date "1970.04.02"]
[Round "3.10"]
[White "Ivkov, Borislav"]
[Black "Keres, Paul"]
[Result "1/2-1/2"]
[WhiteElo "2570"]
[BlackElo "2600"]
[Annotator "Ivkov/Keres"]
[PlyCount "95"]
[EventDate "1970.03.29"]
[EventType "team"]
[EventRounds "4"]
[EventCountry "YUG"]
[SourceTitle "MCL"]
[Source "ChessBase"]
[SourceDate "1999.07.01"]
[SourceVersion "1"]
[SourceVersionDate "1999.07.01"]
[SourceQuality "1"]
[WhiteTeam "Soviet Union"]
[BlackTeam "Soviet Union"]
[WhiteTeamCountry "URS"]
[BlackTeamCountry "URS"]
[TimeControl "40/9000:16/5400:0"]

1. Nf3 d5 2. c4 e6 3. d4 c5 4. cxd5 exd5 5. g3 Nc6 6. Bg2 Nf6 7. O-O Be7 8. Nc3
O-O 9. dxc5 (9. Bg5 $142 {Ivkov=:I}) 9... Bxc5 10. Bg5 $2 {I} (10. Na4 {I} Bb6
{Keres=:K}) 10... d4 $1 {I} 11. Bxf6 Qxf6 12. Ne4 Qe7 13. Nxc5 Qxc5 14. Qd2 Bg4
$1 {I} (14... Bf5 15. Qg5 {I/K} (15. b4)) ({Pertinent:} 14... Bf5 15. Qg5 f6
16. Rac1 Qa5 17. Qf4 g5 18. Qd2 Qb6 19. h4 h6 20. b4 Rad8 21. hxg5 hxg5 22.
Nxg5 fxg5 23. Qxg5+ Kh7 24. Rc5 Bg6 25. Be4 Rd6 26. Qh4+ Kg7 27. Bxg6 Rxg6 28.
Rh5 Qd8 29. Rh7+ Kg8 30. Rh8+ Kg7 31. Rh7+ Kg8 32. Rh8+ {1/2-1/2 (32) Uhlmann,
W-Ghitescu,T Sinaia 1964}) 15. Rac1 Qb6 16. Ng5 $5 {P e4-c5 I/K} Rad8 $146 {I}
(16... h6 17. Ne4 Rad8 (17... Rfe8 18. Rfe1 Rad8 19. Nc5 Rd6 {Keres}) 18. Nc5
Bc8 19. Rc4 Rfe8 20. Rfc1 Be6 21. Nxe6 Rxe6 22. Bxc6 bxc6 23. R1c2 Rxe2 24.
Qxe2 d3 25. Qe4 dxc2 26. Rxc2 Qa6 27. Qc4 Qxc4 28. Rxc4 Rd2 29. Rb4 a5 30. Rb8+
Kh7 31. a4 g5 32. h3 h5 33. Ra8 Rd5 34. Kg2 Kg6 35. Kf3 g4+ 36. hxg4 hxg4+ 37.
Kxg4 Rd4+ 38. f4 Rxa4 39. Ra6 Rb4 40. Rxc6+ f6 41. Rc2 a4 42. Kh4 Kh6 43. Rd2
Kg6 {1/2-1/2 (43) Ivkov,B-Minev,N Leipzig 1960}) 17. Qf4 (17. Ne4 d3 {I} (17...
Rfe8)) (17. Qd3 g6 18. Ne4 Bf5 19. Qd2 {I} Bxe4 20. Bxe4 Ne5 {K}) 17... Bh5 18.
Qh4 (18. Nxh7 Kxh7 (18... Rfe8) 19. Qh4 g6 20. g4 Kg7 21. gxh5 Rh8 {K}) 18...
Bg6 19. Be4 Ne5 $1 $15 {I/K} (19... Bxe4 20. Qxe4 g6 21. Qh4 {K}) (19... h6 20.
Bxg6 fxg6 21. Ne6 d3 $1 22. Nxf8 Nd4 $1 23. Ne6 $1 g5 24. Qe4 {K}) 20. Nxh7 $6
{I} (20. Bxg6 Qxg6 21. Qf4 Rfe8 22. Nf3 {K}) 20... Rfe8 (20... Bxe4 21. Qxe4 {K
}) 21. Ng5 (21. Bxg6 Qxg6 22. Ng5 d3 $1) 21... d3 $1 {K} (21... Bxe4 22. Qxe4
Ng6 23. Qf5 Qf6 {K}) 22. exd3 f5 (22... Nxd3 {I/K}) 23. Bg2 (23. Bh1 {I}) 23...
Rd4 24. Qh3 Nxd3 25. Nf3 $5 {I ? K} (25. Rc4 Nxf2 {I/K}) (25. Rc2 $1 Ne1 (25...
f4 26. Rc8) 26. Rc1 Rd2 27. Bd5+ $1 {K}) 25... Nxc1 26. Nxd4 Qxd4 27. Rxc1 Re2
28. Rf1 (28. Rc8+ Kf7 29. Rc7+ Ke6 {K}) 28... Rxb2 29. Bf3 Rxa2 (29... b5 30.
Bh5 $1 {I}) 30. Bxb7 a5 31. Qg2 $17 {I} Bf7 32. Qf3 g6 $6 {I} 33. h4 Ra1 (33...
Qe5 $142 {P a~/=a1 I}) 34. Rxa1 Qxa1+ 35. Kh2 (35. Kg2 $2 Qe5 36. Bc6 a4 $1 {I}
) 35... Qe5 (35... Qd4 36. h5 Qh8 (36... gxh5 37. Qxf5 a4 $1 {K}) 37. Kg2 {I})
(35... a4 {K}) 36. Bc6 Kg7 37. Qa3 f4 $2 {K} (37... Qe6 $142 {P a2 K}) 38. Qa4
fxg3+ (38... Qc5 39. Kg2 {I/K}) 39. fxg3 Qb2+ 40. Bg2 Qc3 (40... Qa2 41. Qd4+
Kg8 {K}) 41. Qb5 $1 {I adjourned} Qc7 (41... Qd2 {P 42... a2 K}) 42. h5 $1 {I/K
} (42. Qb2+ Kh7 (42... Kg8 43. Qd4) 43. Be4 Kg8 44. Qd4 {K}) 42... gxh5 43.
Qg5+ Kf8 44. Qh6+ Ke8 45. Bc6+ Ke7 46. Qg5+ Kd6 47. Bg2 $1 {I} Kd7 48. Qf6 $1 {
I Keres offered a draw.} (48. Bh3+ $2 Ke8 {I}) (48. Qb5+ $2 Ke7 49. Qg5+ Ke8
50. Qe3+ Qe7 51. Bc6+ Kf8 52. Qh6+ Kg8 {I}) 1/2-1/2

[Event "Candidates qf Kasparov-Beliavsky+4-1=4"]
[Site "Moscow"]
[Date "1983.03.11"]
[Round "6"]
[White "Beliavsky, Alexander G"]
[Black "Kasparov, Garry"]
[Result "1/2-1/2"]
[WhiteElo "2570"]
[BlackElo "2690"]
[Annotator "Kasparov,G"]
[PlyCount "62"]
[EventDate "1983.02.27"]
[EventType "match"]
[EventRounds "9"]
[EventCountry "URS"]
[SourceTitle "Candidates"]
[Source "ChessBase"]
[SourceDate "1999.07.01"]
[SourceVersion "2"]
[SourceVersionDate "1999.07.01"]
[SourceQuality "1"]

1. d4 d5 2. c4 e6 3. Nc3 c5 4. cxd5 exd5 5. Nf3 Nc6 6. g3 Nf6 7. Bg2 Be7 8. O-O
O-O 9. Bg5 cxd4 10. Nxd4 h6 11. Be3 Re8 12. Qc2 Bg4 13. Rfd1 Bf8 14. Rac1 Rc8
15. Nxc6 (15. Qa4 $1) 15... bxc6 16. Bd4 $1 Bb4 17. Rd2 Qe7 18. a3 Ba5 19. b4
$6 (19. h3 $1) 19... Bb6 20. e3 Qe6 $1 21. Qb2 (21. Na4 $143 Ne4 $1 22. Bxe4
dxe4 23. Bxb6 axb6 24. Nxb6 Rcd8 $44) 21... Bxd4 22. Rxd4 (22. exd4 $143 Bh3
$132) 22... c5 $1 23. bxc5 Rxc5 24. Ne2 Rec8 25. Rxc5 Rxc5 26. Nf4 Qc8 27. h3
Rc1+ 28. Kh2 Rc2 29. Qb3 Bf5 30. Kg1 $1 Rc1+ 31. Rd1 Be4 (31... Be4 32. Nxd5
Bxd5 33. Bxd5 Rxd1+ 34. Qxd1 Nxd5 35. Qxd5 Qc1+ 36. Kg2 Qxa3 $11) 1/2-1/2

[Event "World-ch30-KK1 Karpov-Kasparov +5-3=40"]
[Site "Moscow"]
[Date "1984.10.05"]
[Round "9"]
[White "Karpov, Anatoly"]
[Black "Kasparov, Garry"]
[Result "1-0"]
[WhiteElo "2700"]
[BlackElo "2710"]
[Annotator "King,D"]
[PlyCount "139"]
[EventDate "1984.09.10"]
[EventType "match"]
[EventRounds "48"]
[EventCountry "URS"]
[SourceTitle "MainBase"]
[Source "ChessBase"]
[SourceDate "1999.07.01"]
[SourceVersion "2"]
[SourceVersionDate "1999.07.01"]
[SourceQuality "1"]

1. d4 d5 2. c4 e6 3. Nf3 c5 4. cxd5 exd5 5. g3 Nf6 6. Bg2 Be7 7. O-O O-O 8. Nc3
Nc6 9. Bg5 cxd4 10. Nxd4 h6 11. Be3 Re8 12. Qb3 Na5 13. Qc2 Bg4 14. Nf5 Rc8 15.
Bd4 Bc5 16. Bxc5 Rxc5 17. Ne3 Be6 18. Rad1 Qc8 19. Qa4 Rd8 20. Rd3 a6 21. Rfd1
Nc4 22. Nxc4 Rxc4 23. Qa5 Rc5 24. Qb6 Rd7 25. Rd4 Qc7 26. Qxc7 Rdxc7 27. h3 h5
28. a3 g6 29. e3 Kg7 30. Kh2 Rc4 31. Bf3 b5 32. Kg2 R7c5 33. Rxc4 Rxc4 34. Rd4
Kf8 35. Be2 Rxd4 36. exd4 Ke7 37. Na2 Bc8 38. Nb4 Kd6 39. f3 Ng8 40. h4 Nh6 41.
Kf2 Nf5 42. Nc2 f6 (42... Bd7 $14 {Geller}) 43. Bd3 g5 44. Bxf5 Bxf5 45. Ne3
Bb1 46. b4 {A very similar ending has been reached to Saidy-Fischer. The
differences (apart from the reversal of colours): the defending side's
queenside pawns are fixed and therefore weaker; but the kingside pawns are
better placed to prevent White's king breaking through. They are somewhat as I
discussed in Saidy-Fischer with the exception that the h-pawn has advanced - a
slight drawback from Black's point of view.} gxh4 $2 {Kasparov must have
missed Karpov's reply.} ({But what happens if Black does not capture on h4?
Does White have significant winning chances? In Informator Geller gives simply
} 46... Bg6 $14 {. Let's continue a little further from that point. (This has
probably already been researched, but I don't have an analysis of the game to
hand. In a way that might be a good thing: I'm not clouded by anyone else's
thoughts, no matter how erudite!)} 47. Kg2 {Black can now choose to wait with 
(B1) 47...Ke6, or try to simplify the position with (B2) 47...gxh4.} ({First
let's look at the most direct method of play for White:} 47. hxg5 fxg5 48. f4
gxf4 (48... g4 49. f5 (49. Ng2 Ke6 {and White can't get through}) 49... Bh7 50.
Ng2 Bxf5 $2 (50... Ke7 $1 51. Nf4 Kf6 52. Nxh5+ (52. Nxd5+ Kxf5 53. Ke3 Kg5 54.
Nf4 (54. Nc7 h4 55. gxh4+ Kxh4 $11) 54... h4 55. gxh4+ Kxh4 56. d5 Kg5 57. d6
Bf5 (57... Kf6 58. d7 Ke7 59. Ne6 Kxd7 60. Nf8+ Kd6 61. Nxh7 Kd5 62. Nf6+ Kc4
63. Nd7 $18) 58. Nd3 Kf6 59. Nc5 Bc2 60. Kf4 Bd1 61. Nxa6 Ke6 62. Nc7+ Kxd6 63.
Nxb5+ Kc6 64. Nc3 Bf3 {Unless I'm very much mistaken, with only the knight to
aid the pawns, this must be a draw.}) 52... Kxf5 53. Ke3 Bg6 54. Nf4 Bf7 55.
Nd3 Be6 56. Nc5 Bc8 $11) 51. Nf4 Bh7 (51... Bd7 52. Nxh5 Ke6 53. Nf4+ Kd6 54.
Ke3 $18) 52. Ke3 {followed by Nh5 and Kf4 +-}) 49. gxf4 Ke6 50. Kg3 Bf7 51. Kh4
Kf6 52. f5 Be8 53. Nxd5+ Kxf5 54. Nc7 Bf7 55. Nxa6 Ke4 $11 {It appears that
Black has two satisfactory methods of defence to the immediate attempt at a
breakthrough, so let's now look at the more subtle...}) 47... gxh4 {Black is
not obliged to capture on h4, but White is going to play g4 anyway, followed,
if necessary by f4.} (47... Ke6 48. g4 gxh4 (48... hxg4 49. fxg4 {White moves
the king to g3, then plays the Nh3 (for instance) forcing Black to capture on
h4, so transposing to line 'B2'.}) (48... Kd6 49. Kg3 Ke6 50. f4 gxh4+ 51. Kxh4
hxg4 52. Kxg4 Be4 (52... Bf7 53. f5+ Ke7 54. Ng2 Be8 55. Nf4 Bc6 56. Ne6 Bb7 (
56... Bd7 57. Nc7) 57. Kh5 Bc8 58. Nf4 Bxf5 59. Nxd5+ Kd6 60. Nxf6 Ke6 61. Kg5
Bb1 62. d5+ Ke5 $11) 53. f5+ Kf7 (53... Kd6 54. Kh5 Ke7 55. Kg6 Bf3 56. Nf1 {
followed by Ng3-h5xf6 +-.}) 54. Nf1 Bc2 {I do not see how White gains access
to the square c5 with the knight. The bishop blocks it out with accurate play.}
) 49. Kh3 {transposes to the next variation 'B2'.}) {Although White no longer
has the reply Ng2, there is...} 48. g4 $1 hxg4 49. fxg4 Ke6 50. Kh3 Be4 51.
Kxh4 Bg6 52. Ng2 Be4 53. Nf4+ Kf7 54. g5 (54. Kh5 Bf3) 54... Bf3 $1 (54... Kg7
$2 55. Nh5+ Kg6 56. Nxf6 $18) (54... Ke7 $2 55. g6 $18) (54... f5 $2 $18) (
54... fxg5+ $2 55. Kxg5 Ke7 56. Ng6+ Ke6 (56... Bxg6 57. Kxg6 Ke6 58. Kg5) 57.
Ne5 {Followed by Nc6 and Nb8 xa6.}) 55. g6+ (55. Nd3 Kg6 56. gxf6 Kxf6 57. Kg3
Bd1 $2 (57... Be2 58. Nc5 Kf5 59. Kf2 (59. Nxa6 Ke4 $11) 59... Bh5 60. Ke3 Be8
61. Nxa6 Bd7 62. Nc5 (62. Nc7 Bc6 63. Kf3 Kg5) 62... Be8 {, and in spite of
the extra pawn, I don't see how White can win. Black's king cannot be forced
away from its strong position.}) 58. Kf4) (55. Nh5 fxg5+ 56. Kxg5 Bxh5 57. Kxh5
Kf6 58. Kg4 Kg6 $11) 55... Kg7 56. Kg3 Be4 57. Kg4 Bxg6 (57... Bh1 $2 58. Kf5
Be4+ 59. Ke6 Bf3 60. Nxd5 Bxd5+ 61. Kxd5 Kxg6 62. Ke6 f5 63. Ke5 Kg5 64. d5 $18
) 58. Nxd5 Be4 59. Nc7 Kf7 $1 (59... Bb7 60. d5 Kf7 61. d6 Bc8+ 62. Kf4 Bb7 63.
Kf5 Bc8+ 64. Ke4 Bb7+ 65. Kd4 Bc8 66. Kc5 f5 (66... Bd7 67. Nxa6 f5 68. Nb8 $18
) 67. Kc6 f4 68. d7 Bxd7+ 69. Kxd7 f3 70. Nd5 $18) 60. Nxa6 Bd3 61. Nc5 Bf1 {
and it seems to me that Black is able to draw this position.}) 47. Ng2 $1 {
Creating an entry point for White's king - as we have already seen, the key to
this ending.} hxg3+ 48. Kxg3 Ke6 49. Nf4+ Kf5 50. Nxh5 {Threatening Ng7-e8-c7,
therefore the king must retreat.} Ke6 51. Nf4+ Kd6 52. Kg4 Bc2 53. Kh5 Bd1 54.
Kg6 Ke7 55. Nxd5+ Ke6 (55... Kd6 {would have been better according to Geller
in Informator, but obviously by this stage Black is on the edge.}) 56. Nc7+ Kd7
57. Nxa6 Bxf3 58. Kxf6 Kd6 59. Kf5 Kd5 60. Kf4 Bh1 61. Ke3 Kc4 62. Nc5 Bc6 63.
Nd3 Bg2 64. Ne5+ Kc3 65. Ng6 Kc4 66. Ne7 Bb7 67. Nf5 Bg2 68. Nd6+ Kb3 69. Nxb5
Ka4 70. Nd6 {CONCLUSION  I went a bit over the top with the analysis of this
ending; hope you didn't find it too boring. I will probably discover that this
has all been investigated before and with greater accuracy, but anyway, these
are my findings:-   Black ought to be able to draw with 46...Bg6, either by
sitting tight with 47...Ke6 or simplifying with 47...gxh4. However, in both
cases, great accuracy is required, and in a practical game I would say that
the odds of White winning are greater than that of Black drawing. If a 
(youthful) 'Kasparov' can blunder, then so can anyone. One thing is clear,
having the pawn on h5 makes life more difficult for Black than if it were on
its starting square.} 1-0

[Event "DDR-ch29 Final"]
[Site "Plauen"]
[Date "1980.02.16"]
[Round "13"]
[White "Knaak, Rainer"]
[Black "Espig, Lutz"]
[Result "0-1"]
[WhiteElo "2535"]
[BlackElo "2440"]
[Annotator "Knaak,R"]
[PlyCount "78"]
[EventDate "1980.02.03"]
[EventType "tourn"]
[EventRounds "15"]
[EventCountry "DDR"]
[EventCategory "5"]
[SourceTitle "MCL"]
[Source "ChessBase"]
[SourceDate "1999.07.01"]
[SourceVersion "1"]
[SourceVersionDate "1999.07.01"]
[SourceQuality "1"]

1. d4 d5 2. c4 e6 3. Nc3 c5 4. cxd5 exd5 5. Nf3 Nc6 6. g3 Nf6 7. Bg2 Be7 8. O-O
O-O 9. dxc5 Bxc5 10. Bg5 Be6 {Ich hatte auf} (10... d4 {gehofft und wollte die
Timman-Idee} 11. Bxf6 Qxf6 12. Nd5 {versuchen.}) 11. Bxf6 {Die nun folgende
Abwicklung ist mehr oder weniger erzwungen.} Qxf6 12. Nxd5 Qxb2 13. Nc7 Rad8
14. Qc1 Qxc1 15. Raxc1 b6 16. Nxe6 fxe6 17. e3 {Hier hört die Theorie auf. Ich
hatte diese Stellung vor der Partie ein wenig analysiert. Weiß hat einen
Mini-Vorteil.} h6 18. Rc4 Rf6 19. Re4 a5 {Schwarz spielt hier und im folgenden
nicht ganz genau. Aber es ist fraglich, ob er die Zeit für etwas Nützliches
gebrauchen kann.} 20. h4 Rd6 21. a4 Rd3 22. h5 Rd6 {Ein schwarzes Spiel am
Damenflügel ist gefährlich. Wenn der weiße Rf1 die d-Linie besetzt, erhält man
gefährlichen Angriff. Bis hierher hatte ich 21 Minuten verbraucht, mein Gegner
79.} 23. Nh2 $6 (23. Nh4 {Richtig und logisch.} Ne7 {Ich sah jedoch nun keinen
vernünftigen Plan. Dieser besteht aber in} 24. Bh3 {/\ Kg2, Lg4, Lf3, g4 und
der Rf1 kann mitspielen. Schwarz kann eigentlich nur stillhalten.}) 23... Rf5
24. g4 Rf8 25. f4 $4 {Bei meinem langen Nachdenken über 23.Sh2 hatte ich
eigentlich nur mit 24...Tf6 gerechnet, wonach 25.f4 möglich gewesen wäre, und
nun änderte ich meinen Plan nicht. Dabei war 25.Lf3 nebst Le2,Lc4,Kg2,Sf3, Sh4
immer noch gut.} Nb4 $1 26. g5 $2 {Trotz halbstündigen Nachdenkens dieses
Festhalten am alten Plan. Erforderlich war 26.Tf3:} (26. Rf3 {Die Frage ist
dann ob 26...b5 für Schwarz etwas bringt, z.B.:} b5 27. axb5 a4 28. Bf1 Rd1 29.
Kg2 a3 30. Bc4 a2 31. Bxe6+ Kh8 32. Bxa2 $10) 26... Nc2 27. Ng4 hxg5 28. fxg5
Rf5 $1 29. g6 $6 {Chancen bot noch 29.Tf2:} (29. Rf2 Ne1 (29... Rd1+ 30. Bf1
Ne1 31. Rxf5 exf5 32. Re8+ Kf7 33. h6 $13) 30. Rxe6 Rxf2 31. Kxf2 Nd3+ 32. Ke2
Nc1+ 33. Kf1 Rxe6 34. Bd5 Kf7 35. h6 gxh6 36. gxh6 Bf8 37. Ne5+ Ke7 38. Bxe6
Kxe6 39. h7 Bg7 40. Nc4 $17) 29... Rxh5 30. Rc1 {Es lassen sich keine
Drohungen gegen die 8. Reihe schaffen.} Nb4 31. Ne5 $6 {Noch ein primitives
Übersehen.} Rxe5 $1 32. Rxe5 Nd3 33. Rexc5 Nxc5 34. Rc4 e5 35. Rg4 Kf8 36. Bf1
Ke7 37. Bb5 Kf6 38. Rg3 Ne4 39. Rg2 Rd1+ 0-1